| 000 | 00529nam a2200157Ia 4500 | ||
|---|---|---|---|
| 008 | 220214s9999 xx 000 0 und d | ||
| 022 | _a0019-5669 | ||
| 245 | 0 | _aINDIAN JOURNAL OF TECHNOLOGY | |
| 246 | _aIndian Journal of Chemical Technology | ||
| 260 |
_bCouncil of Scientific and Industrial Research,New Delhi _aIndia |
||
| 310 | _aM | ||
| 500 | _aEnding Volume & Year: 31, 1993 | ||
| 500 | _aMissing Volume: 14;15(1-8);16(2-12);17(1,3-8,10-12);18(1);20(12);26(6) | ||
| 500 | _aStarting Volume & Year: 1, 1963 | ||
| 942 | _cBJ | ||
| 999 |
_c1087 _d1087 |
||